书目信息 |
| 题名: |
八卦
|
|
| 作者: | 田王兵 主编 | |
| 分册: | ||
| 出版信息: | 长沙 湖南人民出版社 2009.05 |
|
| 页数: | 170页 | |
| 开本: | 23cm | |
| 丛书名: | ||
| 单 册: | ||
| 中图分类: | I14 | |
| 科图分类: | ||
| 主题词: | 历史故事--li shi gu shi--世界--作品集 | |
| 电子资源: | ||
| ISBN: | 978-7-5438-5731-5 | |
| 000 | 00894nam0 2200253 450 | |
| 001 | 012009009807 | |
| 005 | 20091128145606.70 | |
| 010 | @a978-7-5438-5731-5@dCNY22.00 | |
| 100 | @a20091127d2009 em y0chiy0120 ea | |
| 101 | 0 | @achi |
| 102 | @aCN@b430000 | |
| 105 | @aac z 000fy | |
| 106 | @ar | |
| 200 | 1 | @a八卦@Aba gua@d= Gossips@e权力的面纱之外@f田王兵主编@Ftian wang bing zhu bian@zeng |
| 210 | @a长沙@c湖南人民出版社@d2009.05 | |
| 215 | @a170页@c图@d23cm | |
| 330 | @a本文内容包括:第一部分,权力;第二部分,生活;第三部分,性情;第四部分,言论;第五部分,史景;第六部分,技艺;第七部分,品藻;第八部分,战争。 | |
| 510 | 1 | @aGossips@zeng |
| 517 | 1 | @a权力的面纱之外@Aquan li de mian sha zhi wai |
| 606 | 0 | @a历史故事@Ali shi gu shi@y世界@j作品集 |
| 690 | @aI14@v4 | |
| 701 | 0 | @a田王兵@Atian wang bing@4主编 |
| 801 | 0 | @aCN@bQSSK@c20091128 |
| 905 | @b765757-59@dI14@eT660@f3 | |
| 八卦= Gossips:权力的面纱之外/田王兵主编.-长沙:湖南人民出版社,2009.05 |
| 170页:图;23cm |
| ISBN 978-7-5438-5731-5:CNY22.00 |
| 本文内容包括:第一部分,权力;第二部分,生活;第三部分,性情;第四部分,言论;第五部分,史景;第六部分,技艺;第七部分,品藻;第八部分,战争。 |
| ● |
| 相关链接 |
|
|
|
正题名:八卦
索取号:I14/T660
 
预约/预借
| 序号 | 登录号 | 条形码 | 馆藏地/架位号 | 状态 | 备注 |
| 1 | 765757 | 207657579 | 文学库108/108文学库 4排1列5层/ [索取号:I14/T660] | 在馆 | |
| 2 | 765758 | 207657588 | 文学库108/108文学库 2排1列1层/ [索取号:I14/T660] | 在馆 | |
| 3 | 765759 | 207657597 | 文学库108/108文学库 4排1列5层/ [索取号:I14/T660] | 在馆 |